000 00350pab a2200145 454500
008 180718b1998 xxu||||| |||| 00| 0 eng d
100 _aPuri, Harish K.
245 _aFifty years of India's independence and the North-East
260 _c1998
300 _ap.13-19
362 _a7 Mar
650 _aHistory
773 _aMainstream
909 _a36913
999 _c36913
_d36913